000 01349nam a2200169 4500
999 _c510597
_d510597
008 190826b ||||| |||| 00| 0 eng d
100 _aUddin, Khandakar Al Farid
_98848
245 _aNeoliberal and post-political urban governance: local government amalgamations in New South Wales, Australia
260 _c2019
300 _ap.97-109.
520 _aThe state of New South Wales (NSW) in Australia experienced council amalgamations from 2014 to 2017, amidst widespread disagreement from residents, community groups, councils, and politicians concerning the strategies and policy goals of the state government. In response, this article explores the experience in terms of a neoliberal and post-political framework, which offers a compelling lens to investigate the amalgamation aims and activity. A qualitative mixed methods approach is used to present a case study of three urban councils. The research reveals the critical underlying neoliberal/politico-economic benefits of amalgamation, and elucidates the techno-managerial, post-political processes employed by the state government in pursuit of its goals. - Reproduced.
650 _aLocal government - Australia
_98849
650 _aUrban governance
_98850
773 _aAsia Pacific Journal of Public Administration
906 _aLocal government - New South Wales
942 _2ddc
_cAR